1334-千葉市(千葉県)の駅 - Statistics

General Stats
  • This quiz has been taken 28 times
  • The average score is 32 of 47
Answer Stats
Answer % Correct
幕張
100%
千葉
100%
海浜幕張
100%
幕張本郷
92%
新検見川
92%
稲毛
92%
検見川浜
92%
稲毛海岸
92%
蘇我
92%
検見川
92%
西千葉
88%
東千葉
88%
都賀
88%
千葉みなと
88%
本千葉
88%
鎌取
80%
誉田
80%
千葉寺
80%
京成幕張本郷
76%
京成幕張
76%
京成千葉
76%
千葉中央
76%
県庁前
76%
土気
72%
京成稲毛
72%
千城台
72%
浜野
64%
みどり台
60%
新千葉
60%
西登戸
56%
学園前
56%
スポーツセンター
56%
動物公園
56%
市役所前
52%
千葉公園
52%
天台
52%
穴川
52%
大森台
48%
葭川公園
48%
千城台北
48%
作草部
44%
桜木
40%
栄町
32%
みつわ台
28%
小倉台
28%
幕張豊沙
12%
あゆみ野
8%
No matching quizzes found
Score Distribution
Percent of People with Each Score
Percentile by Number Answered
Your Score History
You have not taken this quiz